000
00273nam a2200109Ia 4500
008
190914s9999||||xx |||||||||||||| ||und||
100
_a
Carroll W. Frenzel
245
0
_a
Management of Information Technology
260
_a
London
_b
Addison
_c
1985
300
_a
501
942
_c
BK
999
_c
8518
_d
8518